| 000 | 00528nam a22001817a 4500 | ||
|---|---|---|---|
| 003 | CEME | ||
| 005 | 20210628205613.0 | ||
| 008 | 210127b xxu||||| |||| 00| 0 eng d | ||
| 020 | _a0-86124-195-9 | ||
| 040 | _c. | ||
| 082 | _a355.02 STR | ||
| 100 |
_aYoung, Peter _937932 |
||
| 245 | _aStrategy and tactics of the great generals and there battles | ||
| 260 |
_aRAWALPINDI _bARMY EDUCATION PRESS _c2004 |
||
| 300 | _a256P | ||
| 650 |
_aSTRATEGY AND TACTICS OF THE GREAT GENERALS AND THERE BATTLES _976221 |
||
| 942 |
_cBK _2ddc |
||
| 999 |
_c581622 _d581622 |
||